[Event "VI Open Capo d'Orso"]
[Site "Portomannu - Palau ITA"]
[Date "2014.06.07"]
[Round "2"]
[White "Thorhallsson, Throstur"]
[Black "Ni, Hua"]
[WhiteElo "2425"]
[BlackElo "2653"]
[Result "0-1"]
[PlyCount "62"]
[EventDate "2014.06.07"]

1. e4 c5 2. Nf3 e6 3. d4 cxd4 4. Nxd4 Nc6 5. Nc3 Qc7 6. g3 a6 7. Bg2 h5 8. O-O
Nf6 9. Bg5 Be7 10. Qd2 Ne5 11. Bf4 d6 12. b3 h4 13. Bg5 hxg3 14. hxg3 Bd7 15.
Nd1 Rh5 16. f4 Neg4 17. Nf2 e5 18. Bxf6 Bxf6 19. Nf5 Nxf2 20. Rxf2 exf4 21.
Nxd6+ Ke7 22. Rd1 fxg3 23. Rf3 Bg4 24. Nf5+ Kf8 25. e5 Bxf3 26. exf6 Rxf5 27.
fxg7+ Kxg7 28. Bxf3 Qc5+ 29. Kg2 Rd8 30. Qxd8 Qf2+ 31. Kh3 Qh2+ 0-1

[Event "VI Open Capo d'Orso"]
[Site "Portomannu - Palau ITA"]
[Date "2014.06.07"]
[Round "2"]
[White "Ziegler, Ari"]
[Black "Frigieri, Fabrizio"]
[WhiteElo "2330"]
[BlackElo "2162"]
[Result "1-0"]
[PlyCount "119"]
[EventDate "2014.06.07"]

1. d4 d5 2. c4 e6 3. Nc3 c6 4. cxd5 exd5 5. Nf3 Bd6 6. Bg5 Qb6 7. Qd2 h6 8. Bh4
Bf5 9. e3 Nd7 10. Bd3 Bxd3 11. Qxd3 Qxb2 12. O-O Bb4 13. Na4 Qa3 14. Qc2 Be7
15. Bg3 Bd6 16. Ne5 Bxe5 17. dxe5 Ne7 18. Rad1 b5 19. Nc3 Qc5 20. Qd2 O-O 21.
f4 Nb6 22. Bf2 Nc4 23. Qc1 Qa3 24. Qxa3 Nxa3 25. e4 Nc4 26. Bc5 Rfe8 27. exd5
Nxd5 28. Nxd5 cxd5 29. Rxd5 a6 30. Kf2 g5 31. g3 Rac8 32. Rfd1 Kg7 33. Kf3 Kg6
34. h4 g4+ 35. Kf2 Re6 36. R1d4 Rce8 37. a4 f6 38. axb5 axb5 39. f5+ Kxf5 40.
exf6+ Kg6 41. Rxg4+ Kxf6 42. Rf4+ Kg7 43. Bd4+ Kg8 44. Rg4+ Kf8 45. Rf5+ Ke7
46. Rxb5 Rf8+ 47. Kg2 Ne3+ 48. Bxe3 Rxe3 49. Rg6 Rff3 50. Rb7+ Kf8 51. Rh7 Ra3
52. Rhxh6 Kf7 53. h5 Rf5 54. Rh7+ Kf8 55. h6 Ra2+ 56. Kh3 Rh5+ 57. Kg4 Rh1 58.
Rb6 Re2 59. Rb8+ Re8 60. Rh8+ 1-0

[Event "VI Open Capo d'Orso"]
[Site "Portomannu - Palau ITA"]
[Date "2014.06.07"]
[Round "3"]
[White "Beshukov, Sergei"]
[Black "Bergsson, Stefan"]
[WhiteElo "2424"]
[BlackElo "2077"]
[Result "1/2-1/2"]
[PlyCount "86"]
[EventDate "2014.06.07"]

1. b3 d5 2. Bb2 Nf6 3. e3 c6 4. f4 Bf5 5. Nf3 Nbd7 6. Be2 h6 7. Ne5 e6 8. O-O
Bh7 9. c4 Bd6 10. d4 Ne4 11. Nc3 Ndf6 12. Rc1 Qe7 13. Nb1 g5 14. c5 Bc7 15. b4
gxf4 16. exf4 a6 17. a4 O-O 18. Bd3 Kh8 19. Na3 Rg8 20. Nc2 Bxe5 21. dxe5 Rxg2+
22. Kxg2 Rg8+ 23. Kf3 Ng4 24. Ke2 Qh4 25. Bxe4 Bxe4 26. Bd4 Qxh2+ 27. Bf2 Qxf4
28. Nd4 Qxe5 29. Qd2 Bc2+ 30. Be3 Qh2+ 31. Ke1 Qh4+ 32. Bf2 Nxf2 33. Qxf2 Qe4+
34. Qe2 Qxd4 35. Rxc2 Rg3 36. Rd2 Qc3 37. Kf2 Rh3 38. Rg1 e5 39. Rg2 e4 40. Rd1
f5 41. Kg1 f4 42. Qxe4 dxe4 43. Rd8+ Kh7 1/2-1/2

[Event "VI Open Capo d'Orso"]
[Site "Portomannu - Palau ITA"]
[Date "2014.06.07"]
[Round "3"]
[White "Danieli, Enrico"]
[Black "Ziegler, Ari"]
[WhiteElo "2044"]
[BlackElo "2330"]
[Result "1-0"]
[PlyCount "63"]
[EventDate "2014.06.07"]

1. d4 Nf6 2. Nc3 d5 3. e4 e6 4. Bg5 Be7 5. e5 Nfd7 6. h4 O-O 7. Nh3 c5 8. Bd3
f5 9. Nf4 Nb6 10. dxc5 Bxg5 11. hxg5 Qxg5 12. Qf3 Nc4 13. Rh5 Qg4 14. Qxg4 fxg4
15. Bxh7+ Kf7 16. b3 Na3 17. O-O-O a6 18. Bg6+ Ke7 19. Ncxd5+ exd5 20. Nxd5+
Ke6 21. Nc7+ Ke7 22. Nxa8 Nc6 23. Rd2 g3 24. f3 Nb5 25. Nb6 Be6 26. Be4 Nd8 27.
Rg5 Kf7 28. Kb2 Nc6 29. Rxg3 Nxe5 30. Bd5 Nc7 31. Bxe6+ Nxe6 32. Nd7 1-0

[Event "VI Open Capo d'Orso"]
[Site "Portomannu - Palau ITA"]
[Date "2014.06.07"]
[Round "3"]
[White "Friedrich, Norbert"]
[Black "Schmitz, Andreas Arnold"]
[WhiteElo "2319"]
[BlackElo "2051"]
[Result "1-0"]
[PlyCount "41"]
[EventDate "2014.06.07"]

1. Nf3 Nf6 2. c4 c5 3. d4 cxd4 4. Nxd4 g6 5. Nc3 Bg7 6. e4 d6 7. Be2 O-O 8. O-O
Bd7 9. Be3 Nc6 10. Qd2 Nxd4 11. Bxd4 Qa5 12. Rfd1 Ne8 13. Nd5 Qd8 14. c5 Bxd4
15. Qxd4 Bc6 16. Nb4 Qd7 17. Rac1 Bb5 18. Bxb5 Qxb5 19. cxd6 Nxd6 20. Nd5 Qe8
21. Qe5 1-0

[Event "VI Open Capo d'Orso"]
[Site "Portomannu - Palau ITA"]
[Date "2014.06.07"]
[Round "3"]
[White "Lanzani, Mario"]
[Black "Anibas, Juergen"]
[WhiteElo "2295"]
[BlackElo "2016"]
[Result "1-0"]
[PlyCount "33"]
[EventDate "2014.06.07"]

1. c4 c6 2. e4 d5 3. exd5 cxd5 4. cxd5 Qxd5 5. Nc3 Qa5 6. d4 Nf6 7. Nf3 e6 8.
Bd3 Nc6 9. O-O Bd6 10. Bg5 O-O 11. Bxf6 gxf6 12. d5 Ne5 13. Nxe5 Bxe5 14. Qg4+
Kh8 15. Qe4 f5 16. Qxe5+ f6 17. Qd6 1-0

[Event "VI Open Capo d'Orso"]
[Site "Portomannu - Palau ITA"]
[Date "2014.06.07"]
[Round "3"]
[White "Marin, Mihail"]
[Black "Shkapenko, Pavel"]
[WhiteElo "2578"]
[BlackElo "2412"]
[Result "1/2-1/2"]
[PlyCount "57"]
[EventDate "2014.06.07"]

1. Nf3 Nf6 2. g3 d5 3. Bg2 c6 4. d4 Bg4 5. O-O Nbd7 6. Nbd2 e6 7. Re1 Be7 8. c3
O-O 9. e4 Bh5 10. e5 Ne8 11. Nb3 Nc7 12. Be3 c5 13. Nc1 cxd4 14. cxd4 Nb6 15.
Nd3 Nc4 16. Bc1 Nb5 17. Nf4 Bxf3 18. Bxf3 Qb6 19. Ne2 a6 20. Qd3 Na7 21. a3 Nc6
22. Bg2 N4a5 23. Bf4 Rac8 24. Red1 Qb3 25. Rab1 Qxd3 26. Rxd3 Nc4 27. h4 b5 28.
Bf1 Rb8 29. Bg5 1/2-1/2

[Event "VI Open Capo d'Orso"]
[Site "Portomannu - Palau ITA"]
[Date "2014.06.07"]
[Round "3"]
[White "Movileanu, Daniela"]
[Black "Caprio, Guido"]
[WhiteElo "2076"]
[BlackElo "2424"]
[Result "0-1"]
[PlyCount "72"]
[EventDate "2014.06.07"]

1. e4 e6 2. d4 d5 3. Nd2 Be7 4. c3 c5 5. Ngf3 Nf6 6. Bd3 cxd4 7. cxd4 dxe4 8.
Nxe4 Bd7 9. O-O Bc6 10. Qe2 O-O 11. Rd1 Nbd7 12. Nc3 Nd5 13. Ne5 N7f6 14. Nxc6
bxc6 15. Ne4 Qb6 16. Bg5 Rfd8 17. Rac1 Nxe4 18. Bxe7 Nxe7 19. Qxe4 g6 20. Bc4
Rd6 21. Rc3 Rad8 22. Rb3 Qa5 23. Rbd3 Qa4 24. Bb3 Qb4 25. a3 Qb5 26. g4 c5 27.
d5 Qb7 28. Rh3 Nxd5 29. Rc1 Qe7 30. Rxc5 Nf6 31. Qe5 Nxg4 32. Qg5 Rd1+ 33. Bxd1
Rxd1+ 34. Kg2 Qb7+ 35. f3 Qxb2+ 36. Kg3 Rg1+ 0-1

[Event "VI Open Capo d'Orso"]
[Site "Portomannu - Palau ITA"]
[Date "2014.06.07"]
[Round "3"]
[White "Neuschmied, Siegfried"]
[Black "Aghayev, Miragha"]
[WhiteElo "2215"]
[BlackElo "2370"]
[Result "1/2-1/2"]
[PlyCount "87"]
[EventDate "2014.06.07"]

1. e4 c5 2. Nf3 d6 3. Bb5+ Nd7 4. O-O a6 5. Bd3 Ngf6 6. c3 b5 7. Bc2 e5 8. d4
Bb7 9. Re1 Qc7 10. d5 g6 11. b3 c4 12. b4 Bg7 13. a4 O-O 14. h3 Nb6 15. Be3 Nc8
16. Nbd2 Ne7 17. Nf1 Nd7 18. N3h2 f5 19. f3 Bf6 20. Qd2 f4 21. Bf2 Nb6 22. Reb1
Nec8 23. axb5 axb5 24. Rxa8 Nxa8 25. Ra1 Bd8 26. Qe1 Qd7 27. Nd2 g5 28. Ra3 Qc7
29. Qa1 Qb8 30. Kf1 h5 31. Ke2 Rf7 32. Qg1 h4 33. Ng4 Kg7 34. Ra2 Rd7 35. Qa1
Rf7 36. Nb1 Rd7 37. Na3 Nc7 38. Qg1 Rf7 39. Kd2 Ba6 40. Nb1 Qb7 41. Ke2 Rd7 42.
Nd2 Rf7 43. Qa1 Rd7 44. Bg1 1/2-1/2

[Event "VI Open Capo d'Orso"]
[Site "Portomannu - Palau ITA"]
[Date "2014.06.07"]
[Round "3"]
[White "Ni, Hua"]
[Black "Brunello, Sabino"]
[WhiteElo "2653"]
[BlackElo "2589"]
[Result "1-0"]
[PlyCount "73"]
[EventDate "2014.06.07"]

1. e4 c6 2. d4 d5 3. e5 Bf5 4. h4 h5 5. Bd3 Bxd3 6. Qxd3 e6 7. Bg5 Be7 8. Nf3
Nd7 9. Nc3 Qa5 10. O-O Nh6 11. Bxe7 Kxe7 12. Ne2 c5 13. c4 dxc4 14. Qxc4 cxd4
15. Qxd4 Nf5 16. Qf4 Nb6 17. Nc3 Rh6 18. Rfd1 Rg6 19. Nd4 Nxd4 20. Qxd4 Rg4 21.
Qd6+ Ke8 22. Qc7 Rc4 23. Qxb7 Qxe5 24. a4 Rb8 25. Qxa7 Rxh4 26. g3 Rg4 27. Nb5
Nd5 28. Rxd5 exd5 29. Nc7+ Kd7 30. Nxd5+ Ke6 31. Nc7+ Kf5 32. Qxb8 Rxg3+ 33.
Kf1 Qf4 34. Qb5+ Kg6 35. Nd5 Qf3 36. Ne7+ Kf6 37. Qc6+ 1-0

[Event "VI Open Capo d'Orso"]
[Site "Portomannu - Palau ITA"]
[Date "2014.06.07"]
[Round "3"]
[White "Nohr, Finn"]
[Black "Thorhallsson, Throstur"]
[WhiteElo "2080"]
[BlackElo "2425"]
[Result "0-1"]
[PlyCount "76"]
[EventDate "2014.06.07"]

1. e4 c5 2. Nf3 e6 3. c3 Nf6 4. e5 Nd5 5. Bc4 Nb6 6. Bb3 c4 7. Bc2 d6 8. exd6
Bxd6 9. b3 cxb3 10. axb3 e5 11. h3 O-O 12. O-O Nc6 13. d4 exd4 14. Nxd4 Qf6 15.
Nxc6 bxc6 16. Ra5 Nd5 17. Qh5 g6 18. Qg5 Qg7 19. Bd2 Re8 20. c4 f6 21. Qh4 Ne7
22. Bc3 Rf8 23. Nd2 Nf5 24. Qe4 Bd7 25. Rfa1 Rae8 26. Qd3 Bb8 27. Ne4 Bc8 28.
Nc5 Qc7 29. g3 Re3 30. fxe3 Qxg3+ 31. Kf1 Nxe3+ 32. Ke2 Qg2+ 33. Kxe3 Bf4+ 34.
Kxf4 Qf2+ 35. Qf3 g5+ 36. Ke4 f5+ 37. Ke5 Qxf3 38. Bd3 Qf4# 0-1

[Event "VI Open Capo d'Orso"]
[Site "Portomannu - Palau ITA"]
[Date "2014.06.07"]
[Round "3"]
[White "Rombaldoni, Axel"]
[Black "Schandorff, Lars"]
[WhiteElo "2501"]
[BlackElo "2524"]
[Result "1-0"]
[PlyCount "81"]
[EventDate "2014.06.07"]

1. d4 d5 2. c4 c6 3. Nf3 Nf6 4. Nc3 e6 5. g3 dxc4 6. Bg2 b5 7. Ne5 a6 8. O-O
Bb7 9. b3 cxb3 10. axb3 Be7 11. Bb2 O-O 12. Ne4 a5 13. Qc2 Nfd7 14. Rfc1 Qb6
15. Nd3 Na6 16. Qd2 Nb4 17. Nec5 Nxd3 18. Nxd7 Qd8 19. Nxf8 Nxc1 20. Nxe6 fxe6
21. Qxc1 Bf6 22. Qc2 Ra6 23. Be4 h6 24. Bf3 Qe8 25. e3 Bc8 26. Qe4 Bd7 27. Be2
g6 28. Qc2 Kg7 29. Bc3 Qa8 30. h4 Be8 31. Bd1 Bf7 32. Qd2 b4 33. Bb2 Qd8 34.
Rc1 Kg8 35. Qe2 Qa8 36. Qf3 Bg7 37. Bc2 Qe8 38. Be4 e5 39. Bxc6 Qe7 40. d5 Ra7
41. e4 1-0

[Event "VI Open Capo d'Orso"]
[Site "Portomannu - Palau ITA"]
[Date "2014.06.07"]
[Round "3"]
[White "Tischbierek, Raj"]
[Black "Hoenick, Andreas"]
[WhiteElo "2414"]
[BlackElo "2133"]
[Result "1-0"]
[PlyCount "83"]
[EventDate "2014.06.07"]

1. e4 e6 2. d4 d5 3. Nd2 Nf6 4. e5 Nfd7 5. c3 c5 6. Bd3 Nc6 7. Ngf3 g6 8. h4 h6
9. a3 Qb6 10. Qa4 Bg7 11. O-O g5 12. hxg5 hxg5 13. g4 c4 14. Bxc4 Qc7 15. Bb5
f6 16. Qc2 Kf7 17. Re1 Nxd4 18. Nxd4 Nxe5 19. Rxe5 fxe5 20. N4f3 Bf6 21. Nf1 e4
22. Nxg5+ Bxg5 23. Bxg5 Kg6 24. Be3 Qh7 25. Ng3 Qh2+ 26. Kf1 a6 27. Be2 Bd7 28.
Ke1 Raf8 29. Rd1 Qg2 30. Nh5 e5 31. Rxd5 Bxg4 32. Bxg4 Qxg4 33. Ng3 Rh4 34. Qd1
Rf3 35. Rd6+ Kg7 36. Rd7+ Kg6 37. Qd6+ Rf6 38. Qe7 Rh1+ 39. Nxh1 Qg1+ 40. Kd2
Qxh1 41. Qg7+ Kf5 42. Qh7+ 1-0

[Event "VI Open Capo d'Orso"]
[Site "Portomannu - Palau ITA"]
[Date "2014.06.07"]
[Round "3"]
[White "Vita, Fabrizio"]
[Black "Schneider, Stefan"]
[WhiteElo "2059"]
[BlackElo "2362"]
[Result "0-1"]
[PlyCount "50"]
[EventDate "2014.06.07"]

1. Nf3 Nf6 2. c4 Nc6 3. Nc3 e5 4. g3 Nd4 5. Bg2 Nxf3+ 6. Bxf3 Bb4 7. Nd5 Nxd5
8. cxd5 O-O 9. O-O d6 10. a3 Bc5 11. b4 Bb6 12. Bg2 a5 13. Bb2 Qe8 14. e3 Bd7
15. f4 Bb5 16. Rf2 axb4 17. axb4 Rxa1 18. Bxa1 f6 19. fxe5 dxe5 20. Qb3 Kh8 21.
Bh3 Qh5 22. Kg2 Rd8 23. Be6 c6 24. Bc3 cxd5 25. Bxd5 Rxd5 0-1

[Event "VI Open Capo d'Orso"]
[Site "Portomannu - Palau ITA"]
[Date "2014.06.07"]
[Round "4"]
[White "Bergsson, Stefan"]
[Black "Aghayev, Miragha"]
[WhiteElo "2077"]
[BlackElo "2370"]
[Result "1/2-1/2"]
[PlyCount "54"]
[EventDate "2014.06.07"]

1. e4 c5 2. Nc3 e6 3. Nf3 a6 4. d4 cxd4 5. Nxd4 d6 6. a4 Nf6 7. Be2 Be7 8. O-O
O-O 9. Kh1 Bd7 10. Be3 Nc6 11. f4 Qc7 12. Qe1 Nb4 13. Qg3 Kh8 14. Rad1 Rac8 15.
Bd3 Nxd3 16. cxd3 Qa5 17. f5 e5 18. Nde2 Qb4 19. Bg5 Bc6 20. Qh4 Qxb2 21. Rf3
Rfd8 22. Rb1 Qc2 23. Rc1 Qb2 24. Rb1 Qc2 25. Rh3 Kg8 26. Rc1 Qb2 27. Rb1 Qc2
1/2-1/2

[Event "VI Open Capo d'Orso"]
[Site "Portomannu - Palau ITA"]
[Date "2014.06.07"]
[Round "4"]
[White "Brunello, Sabino"]
[Black "Rombaldoni, Axel"]
[WhiteElo "2589"]
[BlackElo "2501"]
[Result "1/2-1/2"]
[PlyCount "140"]
[EventDate "2014.06.07"]

1. d4 e6 2. c4 Bb4+ 3. Bd2 Bxd2+ 4. Qxd2 Nf6 5. Nc3 d6 6. g3 O-O 7. Bg2 Qe7 8.
e3 e5 9. Nge2 c6 10. h3 Na6 11. g4 Rb8 12. O-O b5 13. cxb5 cxb5 14. Ng3 b4 15.
Nce2 g6 16. f4 Bb7 17. Bxb7 Rxb7 18. Rac1 exd4 19. exd4 Re8 20. f5 Nd5 21. Nf4
Nxf4 22. Qxf4 b3 23. f6 Qf8 24. a3 Nc7 25. Rc6 Ne6 26. Qd2 d5 27. Rfc1 Rbb8 28.
g5 h6 29. h4 Rec8 30. R6c3 Rxc3 31. Rxc3 Qd6 32. Ne2 Kh7 33. gxh6 Qf8 34. h5 g5
35. Ng3 Qxh6 36. Qd3+ Kg8 37. Qf5 Rd8 38. Qe5 g4 39. Nf5 Qf4 40. Rg3 Qc1+ 41.
Kh2 Kh8 42. Rg2 Ng5 43. Qe3 Nf3+ 44. Kg3 Qxe3 45. Nxe3 Nxd4 46. Rd2 Nf3 47.
Rxd5 Rxd5 48. Nxd5 Ne5 49. Nc3 Nc4 50. Nd1 Kh7 51. Kxg4 Kh6 52. Kf4 Kxh5 53.
Ke4 Kg6 54. Kd5 Nd2 55. Kc6 Kxf6 56. Kb7 Ke5 57. Kxa7 Kd4 58. Kb6 Kd3 59. a4
Kc2 60. Kc5 Kxd1 61. a5 f5 62. a6 f4 63. a7 f3 64. a8=Q f2 65. Kb4 f1=Q 66. Ka3
Kc2 67. Qc6+ Qc4 68. Qg6+ Qd3 69. Qc6+ Nc4+ 70. Qxc4+ Qxc4 1/2-1/2

[Event "VI Open Capo d'Orso"]
[Site "Portomannu - Palau ITA"]
[Date "2014.06.07"]
[Round "4"]
[White "Caprio, Guido"]
[Black "Neuschmied, Siegfried"]
[WhiteElo "2424"]
[BlackElo "2215"]
[Result "1/2-1/2"]
[PlyCount "40"]
[EventDate "2014.06.07"]

1. d4 Nf6 2. c4 e6 3. Nf3 d5 4. Nc3 Bb4 5. Qa4+ Nc6 6. e3 O-O 7. Bd2 a6 8. Qc2
Qe7 9. a3 Bxc3 10. Bxc3 h6 11. Rg1 Ne4 12. g4 f5 13. gxf5 Rxf5 14. Bd3 Rxf3 15.
Bxe4 dxe4 16. d5 Qh4 17. Rxg7+ Kf8 18. dxc6 Rxe3+ 19. Kf1 Qxh2 20. Rd1 e5
1/2-1/2

[Event "VI Open Capo d'Orso"]
[Site "Portomannu - Palau ITA"]
[Date "2014.06.07"]
[Round "4"]
[White "Guidi, Giacomo G."]
[Black "Frigieri, Fabrizio"]
[WhiteElo "1949"]
[BlackElo "2162"]
[Result "0-1"]
[PlyCount "98"]
[EventDate "2014.06.07"]

1. e4 c5 2. Nc3 a6 3. a4 Nc6 4. f4 e6 5. Bc4 d6 6. Nf3 Nf6 7. d3 d5 8. Bb3 dxe4
9. Nxe4 Nxe4 10. dxe4 Qxd1+ 11. Kxd1 b6 12. f5 exf5 13. Bd5 Bb7 14. Ng5 Nd8 15.
Bxb7 Nxb7 16. exf5 Be7 17. Ke2 O-O 18. Ne4 Rfe8 19. Kf3 Rad8 20. Bf4 Nd6 21.
Nxd6 Bxd6 22. Rad1 Bxf4 23. Kxf4 Kf8 24. Rhe1 Rxd1 25. Rxd1 Re2 26. Rd6 Rxg2
27. Rxb6 Rxc2 28. b3 c4 29. b4 Rxh2 30. Rxa6 c3 31. Ke3 c2 32. Rc6 Rh4 33. Rxc2
Rxb4 34. Ra2 Ke7 35. a5 Rb7 36. Kd4 Kd6 37. Rh2 Rb4+ 38. Ke3 Ke5 39. Rxh7 Rb3+
40. Kf2 Kf6 41. Rh8 Kxf5 42. a6 Ra3 43. Ra8 g5 44. a7 Kf4 45. Kg2 g4 46. Kh2
Ra2+ 47. Kg1 Kf3 48. Rb8 Ra1+ 49. Kh2 g3+ 0-1

[Event "VI Open Capo d'Orso"]
[Site "Portomannu - Palau ITA"]
[Date "2014.06.07"]
[Round "4"]
[White "Marin, Mihail"]
[Black "Ni, Hua"]
[WhiteElo "2578"]
[BlackElo "2653"]
[Result "1/2-1/2"]
[PlyCount "82"]
[EventDate "2014.06.07"]

1. d4 Nf6 2. c4 e6 3. Nc3 Bb4 4. e3 O-O 5. Bd3 d5 6. Nf3 b6 7. O-O Bb7 8. cxd5
exd5 9. Ne5 Nbd7 10. f4 c5 11. Qf3 Bxc3 12. bxc3 Ne4 13. Bxe4 dxe4 14. Qh3 Nxe5
15. fxe5 Qd5 16. Bd2 Rac8 17. a4 cxd4 18. cxd4 Rc2 19. Bb4 Rfc8 20. a5 Ba6 21.
Rfe1 Bb5 22. axb6 axb6 23. Be7 h6 24. Qg3 Kh7 25. h3 Re8 26. Ra7 Bd7 27. Qh4
Be6 28. Rf1 Rec8 29. Raa1 Re2 30. Rae1 Rxe1 31. Qxe1 b5 32. Qg3 Qb7 33. Bb4 Kg8
34. Rf6 Rc4 35. Rxh6 Rxb4 36. Rh8+ Kxh8 37. Qh4+ Kg8 38. Qd8+ Kh7 39. Qh4+ Kg8
40. Qd8+ Kh7 41. Qh4+ Kg8 1/2-1/2

[Event "VI Open Capo d'Orso"]
[Site "Portomannu - Palau ITA"]
[Date "2014.06.07"]
[Round "4"]
[White "Pagano, Nunzio"]
[Black "Beshukov, Sergei"]
[WhiteElo "1973"]
[BlackElo "2424"]
[Result "0-1"]
[PlyCount "44"]
[EventDate "2014.06.07"]

1. b4 Nf6 2. Bb2 g6 3. c4 Bg7 4. e3 O-O 5. Nc3 d6 6. d4 c5 7. dxc5 dxc5 8. Qxd8
Rxd8 9. b5 Ne4 10. Nxe4 Bxb2 11. Rd1 Rxd1+ 12. Kxd1 b6 13. Kc2 Bg7 14. Nd2 a6
15. Kb3 Be6 16. a4 axb5 17. axb5 Ra5 18. Kc2 Ra2+ 19. Kd3 Nd7 20. Ngf3 Nf6 21.
h3 Bf5+ 22. e4 Ra3+ 0-1

[Event "VI Open Capo d'Orso"]
[Site "Portomannu - Palau ITA"]
[Date "2014.06.07"]
[Round "4"]
[White "Ryzhkov, Vjacheslav"]
[Black "Friedrich, Norbert"]
[WhiteElo "2162"]
[BlackElo "2319"]
[Result "1/2-1/2"]
[PlyCount "104"]
[EventDate "2014.06.07"]

1. e4 c5 2. a3 g6 3. b4 Bg7 4. c3 d6 5. d4 Nf6 6. Bd3 O-O 7. Nf3 Bg4 8. O-O
Bxf3 9. gxf3 cxd4 10. cxd4 Nc6 11. d5 Nh5 12. Ra2 Nd4 13. Be3 Be5 14. Bc4 Qc8
15. f4 Qxc4 16. fxe5 Qxa2 17. Qxd4 Rfc8 18. exd6 exd6 19. Bh6 Rc4 20. Qe3 Qc2
21. Nd2 Rc3 22. Qg5 Re8 23. Kh1 Qb2 24. Qxh5 Rc1 25. Qf3 Rxf1+ 26. Nxf1 Qb1 27.
Kg2 Qxe4 28. Ne3 f5 29. Bf4 Qe7 30. Nc4 Rd8 31. Qe3 Qf7 32. Qd4 Qe7 33. Bc1 Re8
34. Bb2 Qe4+ 35. Qxe4 Rxe4 36. Nxd6 Re2 37. Bd4 Rd2 38. Bxa7 Rxd5 39. Nxb7 Rd7
40. Bc5 Rxb7 41. a4 Kf7 42. a5 Ke6 43. a6 Rb8 44. Kf3 g5 45. Ke3 Kd5 46. Kd3
Re8 47. Kc3 f4 48. Bd4 Rc8+ 49. Kd3 Rc4 50. Bc3 Rc8 51. Bd4 Rc4 52. Bc3 Rc8
1/2-1/2

[Event "VI Open Capo d'Orso"]
[Site "Portomannu - Palau ITA"]
[Date "2014.06.07"]
[Round "4"]
[White "Schandorff, Lars"]
[Black "Virzi, Ettore"]
[WhiteElo "2524"]
[BlackElo "1968"]
[Result "1-0"]
[PlyCount "77"]
[EventDate "2014.06.07"]

1. d4 Nf6 2. c4 g6 3. Nc3 d5 4. cxd5 Nxd5 5. e4 Nxc3 6. bxc3 Bg7 7. Nf3 c5 8.
Be3 Qa5 9. Qd2 Nc6 10. Rc1 Bg4 11. d5 Rd8 12. Be2 Bxf3 13. Bxf3 e6 14. Be2 O-O
15. O-O exd5 16. exd5 Ne7 17. Bf3 c4 18. Rfd1 Nf5 19. Bg5 f6 20. Bf4 Nd6 21.
Re1 Rf7 22. Re6 Bf8 23. h4 Nf5 24. g3 Bd6 25. Bxd6 Nxd6 26. Qf4 Qa3 27. Rc2 Kg7
28. h5 g5 29. Qd4 Nf5 30. Qxc4 Qf8 31. Be4 Nd6 32. Qd4 Nxe4 33. Qxe4 Rfd7 34.
Re2 Kg8 35. c4 b5 36. cxb5 Rxd5 37. Re7 f5 38. Qe6+ Kh8 39. Rf7 1-0

[Event "VI Open Capo d'Orso"]
[Site "Portomannu - Palau ITA"]
[Date "2014.06.07"]
[Round "4"]
[White "Schneider, Stefan"]
[Black "Danieli, Enrico"]
[WhiteElo "2362"]
[BlackElo "2044"]
[Result "1-0"]
[PlyCount "77"]
[EventDate "2014.06.07"]

1. d4 d5 2. c4 Nc6 3. Nf3 Bg4 4. Nc3 e6 5. Bg5 Be7 6. Bxe7 Ngxe7 7. e3 O-O 8.
cxd5 exd5 9. Be2 Qd6 10. h3 Bh5 11. O-O a6 12. Rc1 Rae8 13. Na4 Rb8 14. Nc5 a5
15. a3 Rfc8 16. Qd2 b6 17. Nd3 f6 18. Nf4 Bf7 19. Bd3 g5 20. Ne2 h5 21. Ng3 Kg7
22. Qc2 Rh8 23. Nf5+ Nxf5 24. Qxc6 Ne7 25. Qxd6 cxd6 26. Rc7 Kf8 27. Rfc1 Be6
28. h4 Rg8 29. Kf1 g4 30. Ne1 Kf7 31. g3 Rgc8 32. Ng2 Ke8 33. Nf4 Bf7 34. Bb5+
Kf8 35. Bd7 Rxc7 36. Rxc7 Rd8 37. Be6 Be8 38. Bxg4 Bb5+ 39. Be2 1-0

[Event "VI Open Capo d'Orso"]
[Site "Portomannu - Palau ITA"]
[Date "2014.06.07"]
[Round "4"]
[White "Shkapenko, Pavel"]
[Black "Tommasini, Enzo"]
[WhiteElo "2412"]
[BlackElo "2169"]
[Result "1-0"]
[PlyCount "52"]
[EventDate "2014.06.07"]

1. e4 e6 2. d4 d5 3. exd5 exd5 4. Nf3 Nf6 5. c4 Be7 6. Nc3 O-O 7. cxd5 Nxd5 8.
Bc4 c6 9. O-O Nb6 10. Bb3 N8d7 11. Re1 Nf6 12. Bg5 Bg4 13. Qd3 Bxf3 14. Qxf3
Nbd5 15. Rad1 Re8 16. Bxf6 Nxf6 17. d5 Qc7 18. dxc6 bxc6 19. Ne4 Qa5 20. g3
Rad8 21. Nxf6+ Bxf6 22. Rxe8+ Rxe8 23. Qxc6 Rd8 24. Kg2 Qb6 25. Rxd8+ Qxd8 26.
Qb7 Bxb2 1-0

[Event "VI Open Capo d'Orso"]
[Site "Portomannu - Palau ITA"]
[Date "2014.06.07"]
[Round "4"]
[White "Teh, Eu Wen Aron"]
[Black "Tischbierek, Raj"]
[WhiteElo "2228"]
[BlackElo "2414"]
[Result "1-0"]
[PlyCount "34"]
[EventDate "2014.06.07"]

1. d4 d6 2. c4 e5 3. Nf3 e4 4. Ng5 Nf6 5. Nc3 Bf5 6. g4 Bxg4 7. Bg2 c6 8. Ngxe4
Nbd7 9. Qb3 Nxe4 10. Nxe4 Nb6 11. c5 Be6 12. Qg3 dxc5 13. dxc5 Nd5 14. O-O Qd7
15. Rd1 f5 16. Ng5 Bxc5 17. Qe5 Qd8 1-0

[Event "VI Open Capo d'Orso"]
[Site "Portomannu - Palau ITA"]
[Date "2014.06.07"]
[Round "4"]
[White "Thorhallsson, Throstur"]
[Black "Lanzani, Mario"]
[WhiteElo "2425"]
[BlackElo "2295"]
[Result "1/2-1/2"]
[PlyCount "41"]
[EventDate "2014.06.07"]

1. e4 c5 2. Nf3 e6 3. d4 cxd4 4. Nxd4 Nc6 5. Nc3 Qc7 6. Be3 a6 7. a3 Nf6 8. Be2
Be7 9. f4 d6 10. O-O O-O 11. Kh1 Nxd4 12. Qxd4 e5 13. Qd3 b5 14. Bf3 Bb7 15.
Rad1 Rac8 16. f5 h6 17. Bf2 Nd7 18. Bg4 Nf6 19. Bf3 Nd7 20. Bg4 Nf6 21. Bf3
1/2-1/2

[Event "VI Open Capo d'Orso"]
[Site "Portomannu - Palau ITA"]
[Date "2014.06.07"]
[Round "5"]
[White "Aghayev, Miragha"]
[Black "Passalacqua, Tullio"]
[WhiteElo "2370"]
[BlackElo "1667"]
[Result "1-0"]
[PlyCount "79"]
[EventDate "2014.06.07"]

1. e4 e6 2. d4 d5 3. Nd2 c5 4. Ngf3 Nc6 5. exd5 exd5 6. dxc5 Bxc5 7. Nb3 Bd6 8.
Bg5 Nge7 9. Bd3 Bg4 10. Bh4 Qc7 11. Bg3 Ne5 12. Bb5+ N7c6 13. Be2 Nxf3+ 14.
Bxf3 Bxf3 15. Qxf3 Qe7+ 16. Kf1 O-O 17. Re1 Qc7 18. Qxd5 Rad8 19. Qc4 Rfe8 20.
Rxe8+ Rxe8 21. Bxd6 Qxd6 22. g3 Qd7 23. Kg2 b6 24. Rf1 g6 25. f3 Re6 26. Rf2
Ne7 27. Rd2 Rd6 28. Rxd6 Qxd6 29. Qd4 Qe6 30. Qd8+ Kg7 31. Qd4+ Kg8 32. Kf2 Nf5
33. Qd8+ Kg7 34. Qd3 Kf6 35. g4 Ne7 36. Nd2 Qd5 37. Ne4+ Kg7 38. Qc3+ Kf8 39.
Qh8+ Ng8 40. Qxg8+ 1-0

[Event "VI Open Capo d'Orso"]
[Site "Portomannu - Palau ITA"]
[Date "2014.06.07"]
[Round "5"]
[White "Beshukov, Sergei"]
[Black "Sahl, Sheila Barth"]
[WhiteElo "2424"]
[BlackElo "2190"]
[Result "1-0"]
[PlyCount "79"]
[EventDate "2014.06.07"]

1. c4 c5 2. Nf3 Nc6 3. d4 cxd4 4. Nxd4 Nf6 5. Nc3 a6 6. g3 e6 7. Bg2 Qc7 8. O-O
Be7 9. b3 Rb8 10. Bb2 Nxd4 11. Qxd4 b5 12. cxb5 axb5 13. Rac1 O-O 14. Nd5 Qd8
15. Nxe7+ Qxe7 16. Rc7 Ba6 17. Ra7 e5 18. Qxe5 Qxe5 19. Bxe5 Rb6 20. Rc1 b4 21.
Bc7 Rc8 22. Rc5 Re6 23. Bh3 Bxe2 24. Bxe6 fxe6 25. Bd6 Re8 26. Re5 Bf3 27. Bxb4
Nd5 28. Bd2 Rc8 29. Rxd7 Rc2 30. Rxe6 Nf6 31. Rd8+ Kf7 32. Re1 Rxa2 33. Bc3 Ne4
34. Bd4 Rd2 35. Bb6 Rb2 36. Rd3 Ng5 37. h4 Be4 38. Rd7+ Ke6 39. hxg5 Kxd7 40.
Rxe4 1-0

[Event "VI Open Capo d'Orso"]
[Site "Portomannu - Palau ITA"]
[Date "2014.06.07"]
[Round "5"]
[White "Bjornsson, Gunnar"]
[Black "Marin, Mihail"]
[WhiteElo "2063"]
[BlackElo "2578"]
[Result "0-1"]
[PlyCount "76"]
[EventDate "2014.06.07"]

1. e4 c5 2. Nf3 Nc6 3. d4 cxd4 4. Nxd4 Nf6 5. Nc3 d6 6. Be3 e5 7. Nb3 Be7 8.
Bc4 O-O 9. O-O a5 10. a4 Nb4 11. f3 Bd7 12. Nd5 Nfxd5 13. Bxd5 Nxd5 14. Qxd5
Qc7 15. Qd2 Rfc8 16. Rf2 Ra6 17. Nc1 Rc6 18. c3 Rc4 19. Ne2 Rxa4 20. Raf1 Be6
21. f4 Bh4 22. g3 Bf6 23. f5 Bc4 24. g4 Bh4 25. Rg2 Qc6 26. Bg5 Bxg5 27. Qxg5
f6 28. Qe3 Bb5 29. b4 axb4 30. g5 Qc5 31. Qxc5 Rxc5 32. gxf6 Bxe2 33. Rxe2 bxc3
34. fxg7 Kxg7 35. f6+ Kf8 36. Kf2 Kf7 37. Ke3 c2 38. Kd2 c1=Q+ 0-1